<?xml version="1.0" encoding="UTF-8"?>
<record
    xmlns:xsi="http://www.w3.org/2001/XMLSchema-instance"
    xsi:schemaLocation="http://www.loc.gov/MARC21/slim http://www.loc.gov/standards/marcxml/schema/MARC21slim.xsd"
    xmlns="http://www.loc.gov/MARC21/slim">

  <leader>01284nam a2200289 i 4500</leader>
  <controlfield tag="003">CSPC</controlfield>
  <controlfield tag="005">20260420105141.0</controlfield>
  <controlfield tag="008">260420c2021    ph  r    i    00  0 eng d</controlfield>
  <datafield tag="022" ind1=" " ind2=" ">
    <subfield code="a">2719-1079</subfield>
  </datafield>
  <datafield tag="040" ind1=" " ind2=" ">
    <subfield code="a">CSPC</subfield>
    <subfield code="b">eng</subfield>
    <subfield code="c">CSPC</subfield>
    <subfield code="e">rda</subfield>
  </datafield>
  <datafield tag="245" ind1="0" ind2="0">
    <subfield code="a">State of the nation address of president Rodrigo Roa Duterte 16th President of the republic of the Philippines 1st Mindanaoan president.</subfield>
  </datafield>
  <datafield tag="264" ind1=" " ind2="1">
    <subfield code="a">Manila : </subfield>
    <subfield code="b">Bureau of Communications Services, Presidential Communications Operations Office.</subfield>
    <subfield code="c">2021.</subfield>
  </datafield>
  <datafield tag="300" ind1=" " ind2=" ">
    <subfield code="a">online resource (various pages) :</subfield>
    <subfield code="b">illustrations ;</subfield>
    <subfield code="c">23 cm. </subfield>
  </datafield>
  <datafield tag="336" ind1=" " ind2=" ">
    <subfield code="2">rdacontent </subfield>
    <subfield code="a">text</subfield>
  </datafield>
  <datafield tag="337" ind1=" " ind2=" ">
    <subfield code="2">rdamedia</subfield>
    <subfield code="a">unmediated </subfield>
  </datafield>
  <datafield tag="338" ind1=" " ind2=" ">
    <subfield code="2">rdacarrier</subfield>
    <subfield code="a">volume</subfield>
  </datafield>
  <datafield tag="362" ind1=" " ind2=" ">
    <subfield code="a">July 26, 2021</subfield>
  </datafield>
  <datafield tag="504" ind1=" " ind2=" ">
    <subfield code="a">Includes bibliographical references </subfield>
  </datafield>
  <datafield tag="650" ind1=" " ind2="4">
    <subfield code="a">Presidents</subfield>
    <subfield code="v">Messages</subfield>
    <subfield code="x">Periodicals.</subfield>
    <subfield code="z">Philippines</subfield>
  </datafield>
  <datafield tag="650" ind1=" " ind2="4">
    <subfield code="a">Political speeches</subfield>
    <subfield code="x">Periodicals.</subfield>
    <subfield code="z">Philippines</subfield>
  </datafield>
  <datafield tag="650" ind1=" " ind2="4">
    <subfield code="a">Government policy</subfield>
    <subfield code="x">Periodicals.</subfield>
    <subfield code="z">Philippines</subfield>
  </datafield>
  <datafield tag="651" ind1="0" ind2=" ">
    <subfield code="a">Philippines</subfield>
    <subfield code="x"> Politics and government  </subfield>
  </datafield>
  <datafield tag="700" ind1=" " ind2="1">
    <subfield code="a">Duque, Ma. Florinda Princess E.,</subfield>
    <subfield code="e">editor in chief.</subfield>
  </datafield>
  <datafield tag="710" ind1="1" ind2=" ">
    <subfield code="a"> Philippines.</subfield>
    <subfield code="b">Office of the President </subfield>
  </datafield>
  <datafield tag="942" ind1=" " ind2=" ">
    <subfield code="2">ddc</subfield>
    <subfield code="n">0</subfield>
    <subfield code="c">SERIALS</subfield>
    <subfield code="h">354.59902</subfield>
    <subfield code="i">F519</subfield>
    <subfield code="k">SER</subfield>
    <subfield code="m">2021</subfield>
  </datafield>
  <datafield tag="952" ind1=" " ind2=" ">
    <subfield code="0">0</subfield>
    <subfield code="1">0</subfield>
    <subfield code="2">ddc</subfield>
    <subfield code="4">0</subfield>
    <subfield code="7">1</subfield>
    <subfield code="a">CSPC</subfield>
    <subfield code="b">CSPC</subfield>
    <subfield code="c">SER</subfield>
    <subfield code="d">2026-04-20</subfield>
    <subfield code="h">July 26, 2021</subfield>
    <subfield code="l">0</subfield>
    <subfield code="o">SER GP 6 2021</subfield>
    <subfield code="p">01741S</subfield>
    <subfield code="r">2026-04-20 10:54:02</subfield>
    <subfield code="t">1-1</subfield>
    <subfield code="w">2026-04-20</subfield>
    <subfield code="y">SERIALS</subfield>
    <subfield code="z">Government Publication</subfield>
  </datafield>
  <datafield tag="999" ind1=" " ind2=" ">
    <subfield code="c">32323</subfield>
    <subfield code="d">32323</subfield>
  </datafield>
</record>
